[Event "Linares 17th"]
[Site "Linares"]
[Date "2000.03.05"]
[Round "6"]
[White "Anand, Viswanathan"]
[Black "Leko, Peter"]
[Result "1/2-1/2"]
[WhiteElo "2769"]
[BlackElo "2725"]
[Annotator "Stohl,I"]
[PlyCount "63"]
[EventDate "2000.02.28"]
[EventType "tourn"]
[EventRounds "10"]
[EventCountry "ESP"]
[EventCategory "21"]
[SourceTitle "CBM 076"]
[Source "ChessBase"]
[SourceDate "2000.05.31"]
[SourceVersion "1"]
[SourceVersionDate "2000.05.31"]
[SourceQuality "1"]

1. d4 {Krasenkow} Nf6 2. Nf3 g6 3. c4 Bg7 4. Nc3 d5 5. cxd5 Nxd5 6. e4 Nxc3 7.
bxc3 c5 8. Rb1 O-O 9. Be2 cxd4 {This move is nowadays universally considered
the main line.} (9... Nc6 {is in somewhat of a crisis:} 10. d5 Ne5 11. Nxe5
Bxe5 12. Qd2 e6 13. f4 Bc7 (13... Bg7 14. c4 b6 15. Bb2 Bxb2 16. Rxb2 Ba6 17.
Rb3 $5 Re8 18. Re3 exd5 19. cxd5 Bxe2 20. Rxe2 Qh4+ 21. g3 Qh3 22. Rf1 b5 23.
f5 Qh5 24. Rf4 g5 25. Rff2 f6 26. e5 Rxe5 27. Rxe5 fxe5 28. d6 $16 {Khalifman,
A-Greenfeld,A/St.Petersburg/1999/}) 14. O-O exd5 15. exd5 Ba5 16. d6 $1 b6 17.
Bf3 Bf5 18. Bxa8 Bxb1 19. Bc6 $1 Bf5 $142 ({Insufficient is} 19... Qf6 20. Bb2
Bxa2 21. c4 $1 Bxd2 (21... Qe6 22. f5 $1 Bxd2 23. fxe6 Be3+ 24. Kh1 fxe6 25.
Rxf8+ Kxf8 26. Bf6 Bd4 (26... Bf4 27. d7 Bc7 28. Bb5 $1 {is the same.}) 27. Bg5
Be5 28. d7 Bc7 29. Bb5 $1 Bb1 30. d8=Q+ Bxd8 31. Bxd8 $18 {_|_,Schandorff,
L-Borge,N/Aarhus/1999/ Black's pawns are immobilized and weak.}) 22. Bxf6 Bxc4
23. Rf3 Be6 24. d7 Bxd7 25. Bxd7 a6 26. Kf1 b5 27. Ke2 Ba5 28. Ra3 Bd8 29. Be5
$18 {Van Wely,L-Van der Werf,M/NED-chT 9899/1999/}) 20. Re1 Qf6 21. Bb2 Rd8 22.
Re8+ Rxe8 23. Bxe8 a6 $5 24. a4 Qd4+ $1 25. Qxd4 ({The point of 23...a6 is
clear after} 25. cxd4 Bxd2 26. dxc5 bxc5 27. d7 Bxd7 28. Bxd7 c4 $11 {White
can't play Ba4 and Black wins back the piece.}) 25... cxd4 26. d7 b5 27. cxd4 (
27. axb5 dxc3 28. Bxc3 Bxd7 $1 $14) 27... b4 28. d5 Kf8 29. d6 $1 (29. Bf6 $6
b3 30. d6 Bd8 $1 31. Bb2 {Khalifman,A-Mikhalevski,V/St Petersburg/1999/} (31.
Bxd8 Bxd7 $1 $11) 31... Be6 32. Kf2 f5 33. Ke3 Bf7 $11) 29... b3 30. Kf2 $16 {
/\} Be6 31. Bf6 $1 Bd8 32. Bxd8 Bxd7 33. Bxd7 b2 34. Be7+ Kg7 35. Bf5 gxf5 36.
d7 $18) 10. cxd4 Qa5+ 11. Bd2 Qxa2 12. O-O Nd7 $5 {Another important critical
position, Leko's move is extremely risky.} ({The safest alternative is} 12...
Bg4 13. Bg5 h6 14. Bh4 $5 (14. Be3 Nc6 15. d5 Bxf3 (15... Ne5 $143 $6 16. Rxb7
e6 17. d6 Rfd8 18. Re1 Bxf3 19. gxf3 Qa5 20. Rf1 Bf8 21. d7 Qa2 22. Bb5 a6 23.
Ba4 Nxf3+ 24. Kg2 Ne5 25. Bb6 Qc4 26. Qd4 Qxd4 27. Bxd4 Nd3 28. Bc6 Nc5 29. Rc7
Bd6 30. Bxc5 Bxc7 31. Bxa8 Rxa8 32. Be7 $18 {Khalifman,A-Leko,P/Linares/2000/}
Bd8 33. Rc1 $1) 16. Bxf3 (16. gxf3 Nd4 $1 $15) 16... Ne5 17. Rxb7 e6 (17... a5
$5) 18. dxe6 Qxe6 19. Rxa7 Nxf3+ 20. Qxf3 Rxa7 21. Bxa7 Re8 22. Re1 f5 23. Qe3
fxe4 24. f3 Qc4 25. fxe4 Re7 26. Kh1 Qc3 27. Bc5 Rc7 28. Rc1 Qxe3 29. Bxe3
Rxc1+ 30. Bxc1 h5 31. Kg1 Kf7 {1/2,Bunzmann,D-Leko,P/Hamburg m/1999/ It's very
surprising Leko in Linares went for the well-known inferior line.}) 14... a5 ({
Very risky is the older recommendation} 14... g5 $6 15. Bg3 Nc6 16. d5 Rad8 17.
Rxb7 f5 {because of} 18. Rc7 $1 fxe4 19. Rxc6 exf3 20. Bc4 Qa3 21. Re1 Kh8 22.
Rxh6+ $1 Bxh6 23. Qd4+ Bg7 24. Qxg4 $36 Rc8 25. Qh3+ Kg8 26. Qe6+ Kh8 27. d6
Rxc4 28. dxe7 Rc1 29. exf8=Q+ Bxf8 {Shulman,Y-Votava,J/Pardubice op/1999/ and
Black holds just by the skin of his teeth:} 30. Be5+ Kh7 31. Qf7+ Kh6 32. Qf6+
Kh7 33. Qh8+ Kg6 34. Qg8+ Kh6 $1 {[]}) 15. Rxb7 g5 16. Bg3 a4 17. Rc7 $5 Qb2
18. Bc4 a3 19. Bd5 Bxf3 20. gxf3 Ra6 21. Rb7 Qxd4 22. Qxd4 Bxd4 23. Bxb8 a2 24.
Bxa2 Rxa2 {1/2,Cs,Horvath-Groszpeter,A/Gyula/2000/}) 13. Re1 {Anand
immediately deviates from the main lines, which caused Black quite a few
problems lately. The game indicates that in this case Leko maybe also intended
the f5 central counterthrust:} (13. Bb4 Nb6 14. h3 $5 (14. Ra1 Qe6 15. Qb1 f5
$5 (15... Bd7 16. Ra5 Bc6 (16... Nc8 17. d5 Qb6 18. e5 a6 19. Qe4 Na7 20. Raa1
$1 {[%csl Gd5,Ge5] [+]} Nb5 21. Qh4 Rfc8 $146 22. Rfe1 $1 Nc3 23. Bxc3 Rxc3 24.
Rab1 Qc5 $2 25. Ng5 Bf5 26. Qxh7+ Kf8 27. Rbd1 Rd8 28. e6 f6 29. g4 {1-0,
Pankratov,V-Leko,P/ICCF email/1999/}) 17. Bd3 Qd7 18. d5 Ba4 19. Bc5 Rfc8 20.
Qb4 e6 21. Bd4 exd5 22. Bxg7 Kxg7 23. Qd4+ f6 24. e5 Qe7 25. Re1 Be8 26. h4 Bf7
27. h5 $13 {->,Sherbakov,R-Daniliuk,S/RUS-ch Elista/1995/}) 16. e5 Bh6 17. d5
Qxd5 $5 (17... Nxd5 18. Bc4 Rd8 19. Rd1 Qc6 20. Qb3 e6 21. Bd6 $44 {|^,Cebalo,
M-Sale,S/Bled op/1995/}) 18. Bxe7 Re8 $13) ({A nakoniec} 14. Ne5 f6 15. Nc4 (
15. Nd3 Qf7 16. d5 f5 17. Nc5 $2 fxe4 18. d6 Rd8 $1 19. Nxe4 Bf5 20. Bd3 Bxe4
21. Bxe4 exd6 22. f4 d5 23. Bc2 Nc4 $19 {Shirov,A-Leko,P/Dortmund/1998/}) 15...
Nxc4 16. Ra1 Nb2 17. Rxa2 Nxd1 18. Bc4+ Kh8 19. Rxd1 a6 $5 {/\} (19... Rd8 20.
Bxe7 Re8 21. Bc5 Rxe4 22. Rxa7 Rxa7 23. Bxa7 Bf8 24. f3 Re3 $1 25. d5 Rc3 26.
Bb5 Rb3 $11 {Lagunow}) 20. f3 Re8 21. Bb5 Be6 $1 $11) 14... f5 $5 $132 {
also seems possible.} (14... Bd7 15. Ra1 Qe6 16. Bd3 f6 $6 17. Bc5 $1 Rfc8 18.
d5 Qf7 19. Bxb6 axb6 20. Rxa8 Rxa8 21. Qb3 $16 {[%csl Rb6,Rb7,Gd5,Ge4,Re7] [+],
ק,Gelfand,B-Tseitlin,Ma/Tel Aviv/1999/})) 13... Nb6 14. Ra1 $5 $146 {[%mdl 8]
A novelty, and a good one.} (14. h3 Bd7 15. Ra1 Qe6 16. Bd3 Rfd8 17. Qe2 Be8
18. Be3 Qd7 19. Ra5 Na4 20. Qd2 a6 $13 {/=/+,1/2,Chernin,A-Leko,P/HUN-ch
Budapest/1997/ Black managed to end his development without White making any
substantial progress.}) 14... Qb2 $1 ({It's quite possible that Anand at home
concentrated on the more logical retreat} 14... Qe6 {After} 15. Qb1 {we get
the position above, only White has Re1 instead of Bb4. This is more useful for
him, his Be2 is protected, as well as g5:} (15. Bd3 $143 $6 Qd6 $1 {[%csl Rd4]
[%cal Rc8g4] /\Bg4}) 15... Bd7 (15... f5 $6 16. Ng5 Qf6 17. e5 $16) 16. d5 $36
(16. Ra5 $5 $44)) 15. h3 {Already Bg4 was in the air, White can't do without
this prophylaxis.  Krasenkow: 'Preventing 15...Bg4 and preparing a round-up of
the black queen.'} f5 $6 {Very risky, although Leko said he analysed it
earlier.} ({Perhaps a more quiet move was possible:} 15... Bd7 $5 16. Bd3 (16.
Ba5 {(Krasenkow) with ideas Qd3, Reb1 and Bd3, Re2} Rac8 $5 (16... Bb5 17. Rb1
Bxe2 18. Rxe2 Qa3 19. Bb4 $16) (16... Rfc8 17. Qd3 $44 (17. Bd3 Bxd4))) 16...
Rfc8 17. Re2 Bb5 18. Ba5 (18. Rb1 Ba4 $1 19. Qe1 Qa3 $15) 18... Qxa1 19. Qxa1
Bxd3 $44 {/\} 20. Re3 Bh6 $1) 16. Rb1 (16. Bd3 $142 $1 {[%csl Rb2][%cal Re4f5,
Re1e2] /\ef5,Re2,ףb2} fxe4 $142 (16... Bd7 17. exf5 (17. Re2 fxe4 (17... Bxd4
18. Rb1 Ba4 19. Qe1 Qa3 20. Rxb6 $1 Qxd3 (20... Bxb6 21. Bc4+ Kh8 22. Bb4 $18)
21. Rb4 $16) 18. Ba5 Qxa1 19. Qxa1 exd3 20. Rxe7 $36) 17... Bxf5 18. Bxf5 Rxf5
19. Rxe7 $40 {and the Re7 is an unwelcome guest Black can't get rid off easily:
} Nd5 $2 20. Rb1 Qxb1 21. Rxg7+ $18) 17. Bxe4 Qb5 (17... Bf5 18. Bxf5 {-16...
Bd7 17.ef5} (18. Bxb7 $6 Rad8 $132)) 18. Ra5 Qc4 19. Rc5 (19. Bc2 $5 $36) 19...
Qf7 20. Rc7 $44 {gives White more than enough for the pawn, all his pieces are
well coordinated, while Black's development is still unfinished.} Bf6 (20...
Nd5 21. Bxd5 Qxd5 22. Rexe7 $16) 21. Ng5 $1 $40 {/\} Bxg5 22. Bxg5 Qxf2+ 23.
Kh2 e6 24. Rxh7 $1 $18) (16. e5 {(Krasenkow)} Be6 {doesn't look promising for
White}) 16... Qa2 {Krasenkow: 'This position could have arisen in the
Chernin-Leko game after 14...f5 (instead of 14...Bd7). Leko had certainly
analysed this.'} 17. Qc1 $6 {[%cal Rb1b6,Re2c4] /\Rb6,Bc4 Krasenkow,M: 'A
typical move. White threatens 18.Rxb6 but at the same time prepares Ba5xb6 
(followed by Bc4) or Bh6.'} (17. Bd3 fxe4 18. Bxe4 Qf7 $13 {Here White's R is
passively placed compared with the note above.}) ({But White still could have
returned into the above-mentioned lines with} 17. Ra1 Qb2 (17... Qe6 18. Ng5
$16) 18. Bd3 $36) 17... Kh8 ({Interesting is also the provocative} 17... Be6 $5
{/\Rfc8} 18. Ra1 (18. Ng5 Rfc8 $17) (18. d5 $2 Rac8 $19) 18... Rfc8 19. Bc3 Qb3
20. Ra3 Rxc3 21. Qxc3 Qxc3 22. Rxc3 fxe4 23. Ne5 $13) (17... Qf7 $6 18. Ng5 Qf6
19. e5 Qc6 20. Qa3 $1 $40 {/\} h6 21. Rec1 Qa4 22. Bc4+ Kh8 23. Nf7+ Kh7 24.
Qxa4 Nxa4 25. Bb4 $16) 18. Ra1 Qg8 $1 {[%cal Ga2g8] This move is practically
forced, the exclamation mark is for the artistic impression. How many times
one gets to make such a long Q-move with a board full of pieces?  Krasenkow:
'the safest place for the queen!'} 19. Ba5 {[%mdl 64] This leads to
fascinating complications, which Peter out in a more or less forced draw. 
Krasenkow: 'Complications started with this move lead to equality but'} ({
White has already missed his chance for} 19. Bd3 Be6 $1 20. exf5 (20. d5 $2
Rfc8 {/\fe4-/+}) 20... Bxf5 21. Bxf5 Rxf5 22. Rxe7 Rf7 $11) (19. e5 {Krasenkow,
M} Be6 {is OK for Black.}) 19... fxe4 (19... Be6 20. Bxb6 axb6 21. Rxa8 Rxa8
22. Bd3 $44 {[%csl Rb6,Rb7,Re7] ק Also Black's pieces lack coordination.}) 20.
Bxb6 exf3 21. Bxf3 (21. Bc4 {Krasenkow,M} e6) 21... Bxh3 {This is allegedly
still part of Leko's preparation.} (21... Rxf3 22. gxf3 Bxh3 23. Rxa7 Rxa7 24.
Bxa7 $14 Qd5 $6 25. Rxe7 Qxf3 26. Re8+ Bf8 27. Qg5 $16) 22. Rxa7 (22. gxh3 $2
Rxf3 $19) ({Less forced, but insufficient for an advantage was} 22. Bxa7 Be6 (
22... Rxf3 23. gxf3 Qd5 24. Qe3 Rf8 25. Bc5 $14) (22... Rac8 {(Krasenkow)} 23.
Qe3 (23. Qa3 Be6) 23... Bd7 24. Bxb7 (24. Qxe7 Bc6) 24... Rc7 25. Bf3 {was the
only (hardly successful) possibility for White to play for a win.}) 23. Qc7 Bd5
24. Bxd5 Qxd5 25. Rxe7 Rxa7 26. Rxa7 Qxd4 27. Ra3 Qxf2+ 28. Kh2 Qd4 $132 {
A draw is the most probable result.}) (22. Bxb7 {Krasenkow} Rab8 23. Rxa7 Rxb7
$1 24. Rxb7 Qd5) 22... Bxg2 $1 {Bravo, Fritz! Otherwise Black would risk ק
and an offside ף, which could be unpleasant. Krasenkow: 'A nice tactical
trick.'} (22... Rxa7 {Krasenkow,M} 23. Bxa7 Qf7 {still enabled White to try}
24. Qe3 {etc.} (24. Bc5 $2 {didn't work in view of} Bxg2 $1 25. Bxg2 Qxf2+ 26.
Kh1 Rf5 $19)) 23. Kxg2 $1 (23. Bxg2 $2 Rxa7 24. Bxa7 Qa2 $1 $17 {/\ Krasenkow:
'leads to a line similar to the one mentioned in the previous comment.'} 25.
Bb6 Qxf2+ 26. Kh2 Qh4+ 27. Kg1 Bh6 28. Qd1 (28. Qc3 Qf2+ 29. Kh1 Bd2 $19) 28...
Qf2+ 29. Kh1 Rf4 $19 {->}) (23. Rxa8 $143 Bxf3 24. Rxf8 Qxf8 $15 {and it's
White who has to make a draw.}) 23... Qb3 24. Qd1 {The best. Krasenkow: 'It is
now the only way for White to equalize! A forced draw now comes out.'} (24. Re3
$143 $2 Qxb6 25. Rxb7 Qxd4 $17 {/\} 26. Rexe7 Rxf3 $1 (26... Ra2 $19) 27. Kxf3
Rf8+ 28. Rf7 Rxf7+ 29. Rxf7 Qd5+ $19) 24... Qxb6 25. Rxb7 Qf6 ({The most
testing move.} 25... Qxd4 26. Rexe7 Qxd1 27. Bxd1 Rg8 28. Bb3 Rae8 $1 29. Red7
Rd8 30. Rdc7 Rc8 31. Bxg8 Rxc7 32. Rxc7 Kxg8 $11) 26. Rexe7 Ra1 $1 27. Rxg7 $1
{[]} (27. Qe2 $2 Qh4 28. Rf7 Qh1+ 29. Kg3 Rg1+ 30. Kf4 Qh4+ 31. Bg4 Bh6+ $19) (
27. Qxa1 $2 Qxf3+ 28. Kh2 Qxf2+ 29. Kh1 Qh4+ 30. Kg1 (30. Kg2 Rf2+) 30... Bxd4+
$19) 27... Rxd1 28. Rxh7+ Kg8 29. Bd5+ Rf7 30. Rbxf7 {White shrewdly forces an
immediate draw.} ({Possible was also} 30. Bxf7+ Kxh7 31. Bb3+ Kh6 32. Bxd1 Qxd4
33. Bf3 {as even the _|_ after e.g.} g5 34. Rb3 g4 35. Bxg4 $5 Qxg4+ 36. Rg3
$11 {is a theoretical draw.}) 30... Qg5+ 31. Kh3 Qxd5 {Black will have to take
the B anyway.} (31... Rd3+ 32. f3 $11 (32. Kh2 $11)) 32. Rhg7+ 1/2-1/2

[Event "Amber-blindfold 09th"]
[Site "Monte Carlo"]
[Date "2000.03.16"]
[Round "1"]
[White "Anand, Viswanathan"]
[Black "Ljubojevic, Ljubomir"]
[Result "1-0"]
[WhiteElo "2769"]
[BlackElo "2559"]
[PlyCount "57"]
[EventDate "2000.03.16"]
[EventType "tourn (rapid)"]
[EventRounds "11"]
[EventCountry "MNC"]
[EventCategory "18"]
[SourceTitle "CBM 076"]
[Source "ChessBase"]
[SourceDate "2000.05.31"]
[SourceVersion "1"]
[SourceVersionDate "2000.05.31"]
[SourceQuality "1"]

1. e4 c5 2. Nf3 d6 3. d4 cxd4 4. Nxd4 Nf6 5. Nc3 a6 6. Be3 Nc6 7. f3 e6 8. Qd2
Be7 9. O-O-O O-O 10. g4 Nxd4 11. Bxd4 b5 12. g5 Nd7 13. h4 Rb8 14. Kb1 Ne5 15.
Qg2 Bd7 16. f4 Nc6 17. Be3 b4 18. Ne2 a5 19. h5 a4 20. g6 b3 21. cxb3 axb3 22.
a3 Qc7 23. gxh7+ Kxh7 24. Nc3 Rfc8 25. Bd3 Kh8 26. Rdg1 Bf6 27. e5 dxe5 28. Qe4
Kg8 29. Bc5 1-0

[Event "Amber-blindfold 09th"]
[Site "Monte Carlo"]
[Date "2000.03.19"]
[Round "4"]
[White "Anand, Viswanathan"]
[Black "Van Wely, Loek"]
[Result "1-0"]
[WhiteElo "2769"]
[BlackElo "2646"]
[Annotator "Ftacnik,L"]
[PlyCount "63"]
[EventDate "2000.03.16"]
[EventType "tourn (rapid)"]
[EventRounds "11"]
[EventCountry "MNC"]
[EventCategory "18"]
[SourceTitle "CBM 076"]
[Source "ChessBase"]
[SourceDate "2000.05.31"]
[SourceVersion "1"]
[SourceVersionDate "2000.05.31"]
[SourceQuality "1"]

1. e4 c5 2. Nf3 d6 3. d4 cxd4 4. Nxd4 Nf6 5. Nc3 a6 6. f3 e6 7. Be3 b5 8. Qd2
Nbd7 9. g4 h6 10. O-O-O Bb7 11. h4 b4 12. Na4 Qa5 13. b3 Nc5 14. a3 Nxa4 15.
axb4 Qc7 16. bxa4 d5 17. e5 Nd7 18. f4 Nb6 19. f5 $5 {This sharp line has
become a hot item on the international circuit, white is trying to punish
black for his backward development.} Nc4 20. Bxc4 Qxc4 (20... dxc4 21. fxe6 c3
22. exf7+ Kxf7 23. Rhf1+ Kg8 24. Qd3 Bxb4 25. Ne6 Qxe5 26. Nxg7 Rb8 {0-1 Mrdja,
M-Vera,R/Saint Vincent/2000/ (33)}) 21. fxe6 Bxb4 22. exf7+ Kxf7 23. Qd3 Qa2
24. Rdf1+ Kg8 25. Kd1 a5 26. Bc1 (26. Qf5 Qa1+ 27. Ke2 Ba6+ 28. Nb5 Qxa4 29.
Qe6+ Kh7 30. Qf5+ Kg8 31. Qe6+ {1/2-1/2 Tiviakov,S-Danailov,S/Wijk aan Zee/
2000/ (31)}) 26... Qxa4 (26... Ba6 27. Nb5 d4 28. g5 $16) 27. Qg6 Qe8 {White
would gladly cause demage to the vulnerable black king, but his lady is back
in time to help him.} (27... Bc8 28. e6 Qa1 29. Rf4 $18) 28. h5 Qxg6 (28... Ba6
29. Rf4) 29. hxg6 Bc8 (29... Ra6 $5 30. e6 Bc8 31. c3 Bc5 32. Rf5 Bxe6 33. Nxe6
Rxe6 34. Rxd5 Bb6 35. Re1 Rxg6 36. Re4 $15) 30. e6 Bc3 $2 {[%mdl 8192]
Terrible oversight in the position, where defense finely matches attacking
fervor of white.} (30... Ra6 $5) (30... Bc5 31. Rf4 Bxd4 32. Rxd4 Bxe6 33. Re1
$11) 31. Ba3 $1 Ba6 (31... Bxd4 32. Rf8#) (31... Bb4 32. Bxb4 axb4 33. Nc6 $18)
32. e7 (32. e7 Bxf1 33. Rxf1 Bb4 34. Bxb4 axb4 35. Ne6 Ra1+ 36. Ke2 $18) 1-0

[Event "Amber-blindfold 09th"]
[Site "Monte Carlo"]
[Date "2000.03.21"]
[Round "5"]
[White "Lautier, Joel"]
[Black "Anand, Viswanathan"]
[Result "0-1"]
[WhiteElo "2632"]
[BlackElo "2769"]
[Annotator "Lutz,C"]
[PlyCount "144"]
[EventDate "2000.03.16"]
[EventType "tourn (rapid)"]
[EventRounds "11"]
[EventCountry "MNC"]
[EventCategory "18"]
[SourceTitle "CBM 076"]
[Source "ChessBase"]
[SourceDate "2000.05.31"]
[SourceVersion "1"]
[SourceVersionDate "2000.05.31"]
[SourceQuality "1"]

1. d4 d5 2. c4 c6 3. Nc3 Nf6 4. e3 e6 5. Nf3 Nbd7 6. Bd3 Bd6 $5 {Es ist
überraschend, dass ein so starker Spieler wie Anand diese als beschwerlich
geltende Variante wählt. Aber er hat ein möglicherweise unterschätztes Abspiel
im Sinn.} (6... dxc4) 7. O-O (7. e4 $5 {macht Sinn, um Anands Aufbau zu
umgehen.} dxc4 (7... dxe4 8. Nxe4 Nxe4 9. Bxe4 O-O (9... c5 $5 10. O-O Qc7 {
ist von eigenständiger Bedeutung und nur minimal besser für Weiß.}) 10. O-O {
würde zu den Stellungen führen, die Schwarz gerade vermeiden möchte.}) 8. Bxc4
e5 9. dxe5 Nxe5 10. Nxe5 Bxe5 11. Qxd8+ $1 {Das ist der Unterschied, der durch
das Fehlen der Rochade bedingt ist.} Kxd8 12. Bxf7 Rf8 13. Bc4 Bxc3+ 14. bxc3
Nxe4 15. O-O $14 {mit weißem Vorteil im Endspiel, z.B.} b5 16. Bd3 Bf5 17. Ba3
Rf7 18. Rac1 Kc7 19. Rfe1 Nd6 20. Bxf5 Nxf5 21. c4 bxc4 22. Rxc4 Nd6 23. Rc2
Rb8 24. Bc5 Nc8 25. g3 Rb5 26. Rec1 Kb7 27. a3 g6 28. Rc3 Rf6 29. Re1 h5 30.
Kg2 Rf5 31. Rec1 $16 {1-0 Florian,T-Kapu,J/HUN-ch 1951/MCL (71)}) 7... O-O 8.
e4 dxc4 (8... dxe4 9. Nxe4 Nxe4 10. Bxe4 h6 $14 {ist die Hauptvariante hier.})
9. Bxc4 e5 10. Bg5 Qe7 11. Re1 Rd8 {Die Statistik zu dieser Stellung spricht
eine klare Statistik zugunsten von Schwarz: In den zehn Vorgängerpartien, die
ich finden konnte, holte Schwarz 81/2 Punkte !!} 12. Qb3 $5 {Lautier läßt sich,
seinem Naturell entsprechend, auf eine direkte taktische Konfrontation ein.
Aber, wie es scheint, bringt ihm dies nichts ein.} (12. Qe2 h6 13. Bh4 exd4 14.
Nxd4 Nb6 15. Nf3 g5 16. Bg3 Bxg3 17. hxg3 Nxc4 18. Qxc4 Be6 19. Qe2 Rd7 20. e5
Ne8 21. Qe3 c5 22. Ne4 Rd5 23. Nc3 Rd7 24. Ne4 Rd5 25. Nc3 {1/2-1/2 Illescas
Cordoba,M-Akopian,V/Linares 1995/CBM 46 (25)}) (12. d5 h6 13. Bh4 Nf8 14. dxc6
bxc6 15. Qc2 Ng6 16. Bg3 Nh5 17. Nd1 Bg4 18. Be2 Bb4 19. Nc3 Ngf4 20. Rad1 Qc5
21. Kh1 Bxc3 22. bxc3 Nxe2 23. Qxe2 Rxd1 24. Qxd1 Nxg3+ 25. fxg3 Qxc3 26. Qc1
Qa5 27. Qxc6 Rd8 28. Ra1 Bxf3 29. gxf3 Qa3 {0-1 Schlecht,D-Khenkin,I/Muenster
1997/CBM 60 ext (29)}) 12... exd4 13. e5 Nxe5 14. Ne4 $5 (14. Nxe5 Bxe5 15. f4
dxc3 16. Rxe5 cxb2 17. Rae1 Be6 18. Qxb2 Qc7 19. Bxe6 fxe6 20. R5e3 Rf8 21.
Bxf6 Rxf6 22. Rxe6 Rxe6 23. Rxe6 Qb6+ 24. Qxb6 axb6 25. Re2 b5 26. g3 b4 27.
Kg2 c5 28. Kf3 Kf7 29. Rc2 b6 30. Ke4 Ke6 31. f5+ Kd6 32. Rd2+ Kc6 33. g4 Re8+
34. Kf4 c4 35. g5 c3 36. Rg2 Kc5 37. f6 gxf6 38. gxf6 b3 39. axb3 Kb4 40. Kf5
Kxb3 41. f7 Rf8 42. Kf6 c2 43. Rg1 Kb2 44. Kg7 Rc8 45. Kxh7 c1=Q 46. Rxc1 Kxc1
47. h4 b5 48. h5 b4 49. h6 b3 50. Kg7 b2 {0-1 Beni,A-Bisguier,A/Vienna 1952/
EXT 2000 (50)}) 14... b5 $1 15. Nxd6 Nxf3+ 16. Qxf3 Qxd6 17. Bxb5 Bd7 18. Bd3
Re8 19. h3 Nd5 $17 {Im wesentlichen hat Schwarz nun einen Bauern mehr.} 20. Re4
h6 21. Bh4 Qb4 22. b3 f5 23. Rxe8+ Rxe8 24. Bg3 Qc3 25. Rd1 Kh8 26. Bd6 Re6 27.
Bb8 a5 28. Bc4 Re1+ 29. Rxe1 Qxe1+ 30. Kh2 Nf6 31. Qf4 c5 32. Bd6 Qe4 33. Qg3
Be6 34. f3 f4 35. Qf2 Qc6 36. Bxf4 Bxc4 37. bxc4 Qe6 38. Qc2 Nd7 39. Bc7 Nb6
40. Bxb6 Qxb6 41. Kg1 Qe6 42. Qd3 Qe1+ 43. Kh2 a4 44. Qf5 Qe7 45. Qd5 Kh7 46.
Qf5+ g6 47. Qd5 h5 48. f4 h4 49. a3 Qf6 50. g3 Qf5 51. Qg2 Kh6 52. Qd2 hxg3+
53. Kxg3 g5 54. h4 Qxf4+ 55. Qxf4 gxf4+ 56. Kxf4 Kh5 57. Kg3 d3 58. Kf3 Kxh4
59. Ke3 Kg3 60. Kxd3 Kf3 61. Kd2 Ke4 62. Kc3 Ke3 63. Kc2 Ke2 64. Kc3 Ke3 65.
Kc2 Kd4 66. Kd2 Kxc4 67. Kc2 Kd4 68. Kd2 c4 69. Kc2 c3 70. Kc1 Kc5 71. Kd1 Kd5
72. Kc1 Kd4 0-1